Great in the Answers - Statistics

General Stats
  • This quiz has been taken 120,864 times
    68,085 since last reset
  • The average score is 14 of 20
Answer Stats
Clue Answer % Correct
Type of shark featured in Jaws Great White Shark
95%
Former name for WWI Great War
93%
England, Scotland & Wales Great Britain
89%
He conquered Persia Alexander the Great
88%
Huron, Michigan, etc... Great Lakes
87%
Noah and his family were the only survivors of this Great Flood
84%
Giant coral structure off the coast of Australia Great Barrier Reef
83%
The biggest thing in Giza Great Pyramid
83%
World's tallest breed of dog Great Dane
82%
It started in 1929 Great Depression
82%
Kept the barbarians out of China? Great Wall of China
78%
Chimpanzees, gorillas, humans, or orangutans Great Apes
74%
F. Scott Fitzgerald novel The Great Gatsby
73%
Dickens novel Great Expectations
58%
The American Prairie Great Plains
53%
What Doc Brown says in "Back to the Future" Great Scott!
49%
Goodness, gracious ... Great Balls of Fire
42%
Mao economic program that caused mass starvation Great Leap Forward
37%
Steve McQueen movie The Great Escape
34%
Disney film about a rodent sleuth The Great Mouse Detective
29%
No matching quizzes found
Score Distribution
Percent of People with Each Score
Percentile by Number Answered
Your Score History
You have not taken this quiz since the last reset